LEADER 00977nam a2200301 i 4500 001 991001402539707536 005 20020507192826.0 008 960906s1976 uk ||| | eng 020 $a0521206960 035 $ab10842718-39ule_inst 035 $aLE01311746$9ExL 040 $aDip.to Matematica$beng 082 0 $a516.02 084 $aAMS 53A05 100 1 $aGriffiths, H. Brian$028224 245 10$aSurfaces /$cH. B. Griffiths 260 $aLondon :$bCambridge University Press,$c1976 300 $axi, 120 p. :$bill. ;$c24 cm. 500 $aBibliography: p. 116. 500 $aIncludes indexes 650 4$aSurfaces in Euclidean space 650 4$aTopology 907 $a.b10842718$b21-09-06$c28-06-02 912 $a991001402539707536 945 $aLE013 53A GRI11 (1976)$g1$i2013000058917$lle013$o-$pE0.00$q-$rl$s- $t0$u4$v0$w4$x0$y.i10952871$z28-06-02 996 $aSurfaces$945848 997 $aUNISALENTO 998 $ale013$b01-01-96$cm$da $e-$feng$guk $h0$i1 LEADER 01066nas 2200409 c 450 001 9910142104103321 005 20260218110331.0 035 $a(CKB)1000000000528761 035 $a(DE-599)ZDB2087251-3 035 $a(OCoLC)163891399 035 $a(OCoLC)645320374 035 $a(DE-101)023836261 035 $a(DE-599)2087251-3 035 $a(EXLCZ)991000000000528761 100 $a20020827b19972004 |y | 101 0 $ager 135 $aur||||||||||| 181 $ctxt$2rdacontent 182 $cc$2rdamedia 183 $acr$2rdacarrier 200 00$aArtechock$hKunstmagazin 210 31$aMu?nchen$cartechock kunst$d1997-2004 215 $aOnline-Ressource 300 $aGesehen am 24.05.05 517 1 $aArtechock / Kunstmagazin 517 1 $aArtechock-Kunstmagazin 517 1 $aArtechock Kunst 517 1 $aArteschock 608 $aZeitschrift$2gnd-content 676 $a700 801 0$b0012 801 1$bDE-101 801 2$b9999 906 $aJOURNAL 912 $a9910142104103321 996 $aArtechock$92268541 997 $aUNINA